000 00478nam a22001577a 4500
999 _c7748
_d7746
005 20210324111324.0
008 210324b ||||| |||| 00| 0 eng d
082 _a346.066
100 _aMANOHAR AND CHITALEY
_96503
245 _aTHE AIR MANUAL CIVIL AND CRIMINAL : BOMBAY COURT FEES ACT [1959] TO CRIMINAL P.C[1974] SECTION 144-A [VOL-16]
250 _a6TH ED.
260 _aNAGPUR
_bTHE ALL INDIA REPORTER PVT.LTD.
300 _a1188,p
650 _aLAW
_95701
942 _cJRL